[Event "MVP-ch Seniors op 19th"]
[Site "Ostseebad Binz"]
[Date "2019.11.29"]
[Round "3"]
[White "Kramell, Ralph Friedrich Kur"]
[Black "Just, Joachim"]
[Result "0-1"]
[WhiteElo "1763"]
[BlackElo "1923"]
[PlyCount "96"]
[EventDate "2019.11.27"]
[EventType "swiss"]
[EventRounds "9"]
[EventCountry "GER"]
[SourceTitle "EXT 2021"]
[Source "ChessBase"]
[SourceDate "2020.10.23"]
[SourceVersion "1"]
[SourceVersionDate "2020.10.23"]
[SourceQuality "1"]

1. d4 g6 2. c4 Bg7 3. Nf3 c6 4. Nc3 Nf6 5. e3 d5 6. h3 0-0 7. Qc2 Bf5 8. Bd3 Bxd3 9. Qxd3 Nbd7 10. 0-0 e6 11. b3 Re8 12. Qc2 Rc8 13. c5 e5 14. Ne2 e4 15. Ne1 Nh5 16. Bb2 f5 17. Qd2 Nf8 18. g3 Ne6 19. Nf4 Nf6 20. Qe2 Ng5 21. Kg2 Qd7 22. Bc3 Re7 23. b4 a6 24. Bd2 Qe8 25. a4 Ra8 26. Ra3 h6 27. Kh2 Kh7 28. Rg1 Qf7 29. Nfg2 Qe6 30. f4 Nf7 31. Nc2 Ree8 32. Raa1 Rh8 33. b5 axb5 34. axb5 Nd7 35. Nge1 Rxa1 36. Nxa1 Nxc5 37. Nec2 Nd3 38. bxc6 bxc6 39. Rb1 Ra8 40. Nb3 Nd6 41. Na5 Nb5 42. Nb4 Rxa5 43. Nxd3 exd3 44. Qxd3 Ra2 45. Kh1 Qe4+ 46. Qxe4 fxe4 47. Be1 Bf8 48. Kg1 Bd6 0-1

[Event "MVP-ch Seniors op 17th"]
[Site "Binz"]
[Date "2017.12.02"]
[Round "4.34"]
[White "Kramell, Ralph Friedrich Kur"]
[Black "Kuehn, Peter1111"]
[Result "1/2-1/2"]
[WhiteElo "1748"]
[BlackElo "1953"]
[PlyCount "66"]
[EventDate "2017.11.29"]
[EventType "swiss"]
[EventRounds "9"]
[EventCountry "GER"]
[SourceTitle "EXT 2019"]
[Source "ChessBase"]
[SourceDate "2018.10.10"]
[SourceVersion "1"]
[SourceVersionDate "2018.10.10"]
[SourceQuality "1"]

1. d4 f5 2. Nf3 g6 3. c3 Nf6 4. e3 Bg7 5. Bd3 0-0 6. 0-0 d5 7. Nbd2 Nbd7 8. Qb3 e6 9. Rb1 Qe7 10. Re1 Ne4 11. g3 c6 12. Bf1 g5 13. Re2 b6 14. c4 g4 15. Nh4 Bf6 16. Ng2 h5 17. Nf4 Qf7 18. cxd5 cxd5 19. Nxe4 fxe4 20. h4 Ba6 21. Rc2 Bxf1 22. Kxf1 Rfc8 23. Bd2 e5 24. Rxc8+ Rxc8 25. Nxd5 Kg7 26. Nxf6 Qxf6 27. Bc3 Rf8 28. Qc2 Qf3 29. Kg1 exd4 30. Bxd4+ Kh7 31. Rd1 Rd8 32. Rd2 Nc5 33. Bxc5 Rxd2 1/2-1/2

[Event "MVP-ch Seniors op 16th"]
[Site "Binz"]
[Date "2016.11.30"]
[Round "8.70"]
[White "Traut, Alexander"]
[Black "Kramell, Ralph Friedrich Kur"]
[Result "0-1"]
[WhiteElo "1632"]
[BlackElo "1746"]
[PlyCount "78"]
[EventDate "2016.11.23"]
[EventType "swiss"]
[EventRounds "9"]
[EventCountry "GER"]
[SourceTitle "EXT 2018"]
[Source "ChessBase"]
[SourceDate "2017.10.13"]
[SourceVersion "1"]
[SourceVersionDate "2017.10.13"]
[SourceQuality "1"]

1. e4 e5 2. Nc3 Nf6 3. Bc4 Be7 4. Nf3 d6 5. 0-0 c6 6. a3 b5 7. Ba2 Bg4 8. h3 Bh5 9. g4 Bg6 10. d3 h6 11. Be3 Qc8 12. Nh2 Nbd7 13. f4 exf4 14. Bxf4 0-0 15. Nf3 Ne8 16. Nd4 Bf6 17. Nf5 Bxf5 18. gxf5 Qd8 19. d4 a6 20. Kh1 Bg5 21. Qf3 Rc8 22. b4 c5 23. d5 Bf6 24. Rad1 cxb4 25. Nb1 bxa3 26. Qxa3 a5 27. Bxd6 b4 28. Qg3 Nxd6 29. Qxd6 Be5 30. Qa6 Rxc2 31. Rd2 Qc7 32. Bb3 Rxd2 33. Nxd2 Qc3 34. Nf3 Qxb3 35. Nxe5 Nxe5 36. Kg2 Qc2+ 37. Kg1 Qxe4 38. Qxa5 Rc8 39. Qa2 Rc2 0-1

[Event "MVP-ch Seniors op 16th"]
[Site "Binz"]
[Date "2016.11.27"]
[Round "5.55"]
[White "Kramell, Ralph Friedrich Kur"]
[Black "Mietz, Wolfgang"]
[Result "0-1"]
[WhiteElo "1746"]
[BlackElo "1869"]
[PlyCount "104"]
[EventDate "2016.11.23"]
[EventType "swiss"]
[EventRounds "9"]
[EventCountry "GER"]
[SourceTitle "EXT 2018"]
[Source "ChessBase"]
[SourceDate "2017.10.13"]
[SourceVersion "1"]
[SourceVersionDate "2017.10.13"]
[SourceQuality "1"]

1. d4 Nf6 2. Nf3 g6 3. c4 Bg7 4. Nc3 0-0 5. g3 d5 6. cxd5 Nxd5 7. Bg2 c6 8. 0-0 Nd7 9. Re1 Qa5 10. Nxd5 cxd5 11. Bd2 Qb6 12. Bc3 Nf6 13. Nd2 Bf5 14. e3 Rac8 15. Rc1 Rfd8 16. Nb3 Qd6 17. a3 b6 18. Bf1 Ne4 19. a4 a5 20. Nd2 Nxc3 21. bxc3 e5 22. e4 dxe4 23. Nxe4 Bxe4 24. Rxe4 exd4 25. cxd4 Rxc1 26. Qxc1 Bxd4 27. Kg2 Qd5 28. f3 Qa2+ 29. Kh3 Qxa4 30. Qc7 Qd7+ 31. Qxd7 Rxd7 32. Bc4 Kg7 33. Re2 Rc7 34. Ba2 b5 35. Rd2 Rd7 36. f4 a4 37. Rd3 b4 38. Kg2 b3 39. Bxb3 axb3 40. Rxb3 Bf6 41. g4 Rc7 42. h3 Rc2+ 43. Kf1 Rc3 44. Rxc3 Bxc3 45. Ke2 f5 46. Kf3 Be1 47. Ke2 Bh4 48. Kf3 Kf7 49. Ke3 Ke6 50. gxf5+ Kxf5 51. Kf3 Bd8 52. Ke3 Bc7 0-1

[Event "MVP-ch Seniors op 16th"]
[Site "Binz"]
[Date "2016.11.23"]
[Round "1.38"]
[White "Kramell, Ralph Friedrich Kur"]
[Black "Kracht, Helmut"]
[Result "1-0"]
[WhiteElo "1746"]
[BlackElo "2008"]
[PlyCount "87"]
[EventDate "2016.11.23"]
[EventType "swiss"]
[EventRounds "9"]
[EventCountry "GER"]
[SourceTitle "EXT 2018"]
[Source "ChessBase"]
[SourceDate "2017.10.13"]
[SourceVersion "1"]
[SourceVersionDate "2017.10.13"]
[SourceQuality "1"]

1. d4 d6 2. e4 g6 3. Bc4 Bg7 4. c3 Nf6 5. Qc2 a6 6. a4 Nbd7 7. Nf3 0-0 8. 0-0 c6 9. a5 e5 10. Nbd2 Qc7 11. b4 Nh5 12. Qb3 Ndf6 13. Ba3 Nf4 14. Rfe1 d5 15. exd5 cxd5 16. Bf1 e4 17. Ne5 Be6 18. f3 Bh6 19. fxe4 dxe4 20. Qc2 Bf5 21. Qb2 Rfd8 22. Ndc4 N6d5 23. g4 Be6 24. Rxe4 Nf6 25. Ree1 Nxg4 26. Nxg4 Bxg4 27. b5 Nh3+ 28. Bxh3 Bxh3 29. Nb6 Rab8 30. Bc5 axb5 31. Qf2 Be6 32. Rab1 Qc6 33. Re5 Bg7 34. Re3 Bh6 35. Re5 Bf8 36. Rbe1 Bg7 37. R5e3 Bf5 38. Re7 Be6 39. R1xe6 Qxe6 40. Rxe6 fxe6 41. Qe2 e5 42. dxe5 Re8 43. Bd6 Rbd8 44. Qxb5 1-0

[Event "MVP-ch Seniors op 15th"]
[Site "Binz"]
[Date "2015.11.30"]
[Round "7.74"]
[White "Traut, Alexander"]
[Black "Kramell, Ralph Friedrich Kur"]
[Result "0-1"]
[WhiteElo "1286"]
[BlackElo "1531"]
[PlyCount "96"]
[EventDate "2015.11.24"]
[EventType "swiss"]
[EventRounds "9"]
[EventCountry "GER"]
[SourceTitle "EXT 2017"]
[Source "ChessBase"]
[SourceDate "2016.10.25"]
[SourceVersion "1"]
[SourceVersionDate "2016.10.25"]
[SourceQuality "1"]

1. e4 c5 2. Nc3 d6 3. g3 g6 4. Bg2 Bg7 5. Nge2 Nc6 6. 0-0 Nf6 7. h3 Rb8 8. Re1 0-0 9. a3 Bd7 10. d3 b6 11. f4 Qc8 12. Kh2 Ne8 13. g4 e6 14. Ng1 Qd8 15. Nf3 f6 16. Rh1 f5 17. g5 Nd4 18. h4 e5 19. Nxd4 cxd4 20. Nd5 Nc7 21. Nb4 a5 22. Na2 exf4 23. Bf3 Be5 24. Bd2 fxe4 25. dxe4 Ne6 26. Nc1 h6 27. Nd3 hxg5 28. Nxe5 dxe5 29. Qg1 Kg7 30. h5 Rh8 31. Kg2 gxh5 32. Bxh5 Bc6 33. Rd1 Bxe4+ 34. Bf3 Bxf3+ 35. Kxf3 Qd5+ 36. Kf2 Rxh1 37. Qxh1 Qxh1 38. Rxh1 Rh8 39. Rxh8 Kxh8 40. a4 e4 41. Be1 Kg7 42. b4 Kf7 43. bxa5 bxa5 44. Bxa5 g4 45. Bb6 e3+ 46. Kg2 f3+ 47. Kg1 f2+ 48. Kg2 g3 0-1

[Event "MVP-ch Seniors op 15th"]
[Site "Binz"]
[Date "2015.11.29"]
[Round "6.59"]
[White "Kramell, Ralph Friedrich Kur"]
[Black "Micheel, Peter"]
[Result "0-1"]
[WhiteElo "1531"]
[BlackElo "1694"]
[PlyCount "70"]
[EventDate "2015.11.24"]
[EventType "swiss"]
[EventRounds "9"]
[EventCountry "GER"]
[SourceTitle "EXT 2017"]
[Source "ChessBase"]
[SourceDate "2016.10.25"]
[SourceVersion "1"]
[SourceVersionDate "2016.10.25"]
[SourceQuality "1"]

1. Nf3 Nf6 2. c3 d5 3. d4 e6 4. g3 c5 5. dxc5 Bxc5 6. Bg2 0-0 7. 0-0 Nc6 8. Nd4 Qb6 9. e3 Bd7 10. Nd2 a5 11. a4 Nxd4 12. exd4 Be7 13. Re1 Rfe8 14. Nf3 Bd6 15. Qc2 Rac8 16. Ne5 Qxd4 17. Nxd7 Nxd7 18. cxd4 Rxc2 19. Bxd5 Bb4 20. Re3 Rec8 21. Bxb7 Rxc1+ 22. Rxc1 Rxc1+ 23. Kg2 Rc7 24. Ba6 Nb6 25. b3 Nd5 26. Re2 g6 27. Bc4 Nb6 28. Rc2 Kg7 29. Kf3 Kf6 30. Ke4 Ke7 31. g4 Bd6 32. h3 Nd5 33. f3 f5+ 34. gxf5 gxf5+ 35. Kd3 Nb4+ 0-1

[Event "MVP-ch Seniors op 15th"]
[Site "Binz"]
[Date "2015.11.27"]
[Round "4.78"]
[White "Girod, Gudrun"]
[Black "Kramell, Ralph Friedrich Kur"]
[Result "0-1"]
[WhiteElo "1223"]
[BlackElo "1531"]
[PlyCount "74"]
[EventDate "2015.11.24"]
[EventType "swiss"]
[EventRounds "9"]
[EventCountry "GER"]
[SourceTitle "EXT 2017"]
[Source "ChessBase"]
[SourceDate "2016.10.25"]
[SourceVersion "1"]
[SourceVersionDate "2016.10.25"]
[SourceQuality "1"]

1. d4 Nf6 2. Bf4 d5 3. h3 e6 4. Nf3 Bd6 5. Bxd6 Qxd6 6. e3 Qb4+ 7. Nbd2 Qxb2 8. a4 Qc3 9. Bb5+ c6 10. Bd3 Qa5 11. 0-0 0-0 12. c4 dxc4 13. Nxc4 Qc7 14. a5 Nbd7 15. Qc1 c5 16. Nce5 Nxe5 17. dxe5 Nd7 18. Qc3 Rb8 19. Be4 b6 20. axb6 axb6 21. Ra3 Bb7 22. Bxb7 Rxb7 23. Rfa1 h6 24. Ra8 Rfb8 25. Rxb8+ Qxb8 26. Ra6 Ra7 27. Qa3 Rxa6 28. Qxa6 g6 29. Qb5 Qc7 30. Qa6 Kg7 31. g3 Qc6 32. Qe2 b5 33. g4 c4 34. h4 Qd5 35. g5 Nxe5 36. gxh6+ Kxh6 37. e4 Qd3 0-1

[Event "MVP-ch Seniors op 15th"]
[Site "Binz"]
[Date "2015.11.25"]
[Round "2.52"]
[White "Menkhaus, Wolf Dieter"]
[Black "Kramell, Ralph Friedrich Kur"]
[Result "1-0"]
[WhiteElo "1846"]
[BlackElo "1531"]
[PlyCount "97"]
[EventDate "2015.11.24"]
[EventType "swiss"]
[EventRounds "9"]
[EventCountry "GER"]
[SourceTitle "EXT 2017"]
[Source "ChessBase"]
[SourceDate "2016.10.25"]
[SourceVersion "1"]
[SourceVersionDate "2016.10.25"]
[SourceQuality "1"]

1. d4 d5 2. c4 e5 3. dxe5 d4 4. e4 Nc6 5. Nf3 Bg4 6. Be2 Bxf3 7. gxf3 Nxe5 8. f4 Bb4+ 9. Bd2 Bxd2+ 10. Qxd2 d3 11. fxe5 dxe2 12. Qxd8+ Rxd8 13. Kxe2 Rd4 14. Nd2 Ne7 15. Ke3 Nc6 16. b3 Ke7 17. Nf3 Rd7 18. Rad1 Rhd8 19. Rxd7+ Rxd7 20. Rc1 h6 21. a3 g5 22. Rg1 Ke6 23. h4 gxh4 24. Rh1 Nxe5 25. Nxe5 Kxe5 26. Rxh4 Rd1 27. Rh5+ Ke6 28. Rxh6+ Ke7 29. Rh3 a5 30. c5 c6 31. f4 Rd8 32. Rh2 Rg8 33. Rb2 Rg3+ 34. Kd4 f6 35. a4 Rg1 36. b4 Rd1+ 37. Kc3 axb4+ 38. Rxb4 Rd7 39. Rd4 Rc7 40. Kd3 Rc8 41. Rb4 Rb8 42. a5 Kd7 43. a6 Kc7 44. Rxb7+ Rxb7 45. axb7 Kxb7 46. e5 fxe5 47. f5 Kc7 48. Ke4 Kd7 49. Kxe5 1-0

[Event "GER-chB Seniors 27th"]
[Site "Magdeburg"]
[Date "2015.08.22"]
[Round "8"]
[White "Schmitthoefer, Herbert"]
[Black "Kramell, Ralph Friedrich Kur"]
[Result "1-0"]
[WhiteElo "1904"]
[BlackElo "1772"]
[PlyCount "95"]
[EventDate "2015.08.15"]
[EventType "swiss"]
[EventRounds "9"]
[EventCountry "GER"]
[SourceTitle "EXT 2018"]
[Source "ChessBase"]
[SourceDate "2017.10.13"]
[SourceVersion "1"]
[SourceVersionDate "2017.10.13"]
[SourceQuality "1"]

1. d4 Nf6 2. Nf3 e6 3. c4 d5 4. Nc3 c6 5. e3 b6 6. cxd5 exd5 7. Qc2 Bd6 8. Bd3 Qe7 9. e4 dxe4 10. Nxe4 Nxe4 11. Bxe4 Bb4+ 12. Nd2 Ba6 13. a3 Bd6 14. Nf3 h6 15. Be3 Bb7 16. 0-0 Nd7 17. Rfe1 0-0 18. Qd2 f5 19. Bc2 f4 20. Qd3 Nf6 21. Bd2 Rad8 22. Bc3 g5 23. d5 Qg7 24. dxc6 Bxc6 25. Bb3+ Kh8 26. Re6 Bb4 27. Bxf6 Rxd3 28. Bxg7+ Kxg7 29. Bc4 Rd6 30. axb4 Rxe6 31. Bxe6 Kf6 32. Nd4 Rd8 33. Nxc6 Rd6 34. b5 Rxe6 35. Kf1 a5 36. Rd1 g4 37. f3 h5 38. fxg4 hxg4 39. Kf2 Re3 40. Nd4 Re8 41. Re1 g3+ 42. hxg3 fxg3+ 43. Kf1 Rd8 44. Re4 Rf8 45. Rf4+ Ke7 46. Rxf8 Kxf8 47. Ke2 Ke7 48. Kf3 1-0

[Event "GER-chB Seniors 27th"]
[Site "Magdeburg"]
[Date "2015.08.19"]
[Round "5"]
[White "Baumast, Bernd"]
[Black "Kramell, Ralph Friedrich Kur"]
[Result "1/2-1/2"]
[WhiteElo "1541"]
[BlackElo "1772"]
[PlyCount "77"]
[EventDate "2015.08.15"]
[EventType "swiss"]
[EventRounds "9"]
[EventCountry "GER"]
[SourceTitle "EXT 2018"]
[Source "ChessBase"]
[SourceDate "2017.10.13"]
[SourceVersion "1"]
[SourceVersionDate "2017.10.13"]
[SourceQuality "1"]

1. e4 c5 2. Nf3 Nc6 3. c3 d6 4. d4 cxd4 5. Nxd4 Nf6 6. Nxc6 bxc6 7. Bd3 e5 8. Bg5 Be7 9. 0-0 0-0 10. c4 h6 11. Be3 Ng4 12. Qe2 Nxe3 13. Qxe3 Bg5 14. Qe2 a5 15. Nd2 Qb6 16. Nf3 Bg4 17. b3 a4 18. Rfb1 Qc7 19. h3 Bxf3 20. Qxf3 Bd2 21. Rd1 Bc3 22. Rac1 Bd4 23. b4 a3 24. b5 Bc5 25. Rb1 Rab8 26. Rb3 cxb5 27. cxb5 Rb6 28. g4 d5 29. exd5 Rf6 30. Bf5 g6 31. d6 Qb6 32. d7 gxf5 33. gxf5 Rd8 34. Qg4+ Kf8 35. Rd2 Ke7 36. Qe4 Bd4 37. Rbd3 Rxd7 38. Rxd4 Rxd4 39. Qxe5+ 1/2-1/2

[Event "GER-chB Seniors 27th"]
[Site "Magdeburg"]
[Date "2015.08.18"]
[Round "4"]
[White "Kramell, Ralph Friedrich Kur"]
[Black "Micheel, Peter"]
[Result "0-1"]
[WhiteElo "1772"]
[BlackElo "1906"]
[PlyCount "52"]
[EventDate "2015.08.15"]
[EventType "swiss"]
[EventRounds "9"]
[EventCountry "GER"]
[SourceTitle "EXT 2018"]
[Source "ChessBase"]
[SourceDate "2017.10.13"]
[SourceVersion "1"]
[SourceVersionDate "2017.10.13"]
[SourceQuality "1"]

1. d4 Nf6 2. Nf3 d5 3. c4 e6 4. Bg5 Be7 5. e3 c6 6. Qc2 h6 7. Bh4 0-0 8. cxd5 exd5 9. Nbd2 Re8 10. Ne5 Nbd7 11. Nd3 Nf8 12. Be2 Ng6 13. Bxf6 Bxf6 14. 0-0 Bxd4 15. Nb3 Bb6 16. Ndc5 Qg5 17. g3 Bf5 18. Qc3 Qe7 19. Bf3 Ne5 20. Bg2 Rab8 21. Rfe1 Nd7 22. Nd4 Bg6 23. Nxd7 Qxd7 24. b4 a6 25. a4 Re7 26. Rac1 Rbe8 0-1

[Event "Hessen-ch Seniors op 11th"]
[Site "Bad Sooden-Allendorf"]
[Date "2015.05.15"]
[Round "7"]
[White "Strohbusch, Frank"]
[Black "Kramell, Ralph Friedrich Kur"]
[Result "1-0"]
[WhiteElo "1837"]
[BlackElo "1767"]
[PlyCount "83"]
[EventDate "2015.05.09"]
[EventType "swiss"]
[EventRounds "9"]
[EventCountry "GER"]
[SourceTitle "EXT 2018"]
[Source "ChessBase"]
[SourceDate "2017.10.13"]
[SourceVersion "1"]
[SourceVersionDate "2017.10.13"]
[SourceQuality "1"]

1. e4 c5 2. Nc3 g6 3. g3 Bg7 4. Bg2 Nc6 5. d3 Nf6 6. Be3 d6 7. h3 Qa5 8. Nge2 Nd7 9. 0-0 0-0 10. Rb1 a6 11. a3 Rb8 12. Qc1 Qd8 13. Bh6 e6 14. Bxg7 Kxg7 15. f4 f5 16. exf5 exf5 17. b4 cxb4 18. axb4 Qb6+ 19. Kh2 Nf6 20. Nd5 Qd8 21. Qb2 Kh6 22. b5 axb5 23. Qxb5 Bd7 24. Qb2 Be6 25. Nb6 d5 26. c3 Qd6 27. Ng1 Rbe8 28. Nf3 Rf7 29. Ng5 Rfe7 30. Rfe1 Bg8 31. Rxe7 Qxe7 32. c4 dxc4 33. Nxc4 Bd5 34. Qxb7 Qe2 35. Rg1 Re7 36. Qc8 Re8 37. Qc7 Nd4 38. Qd6 Nf3+ 39. Nxf3 Bxf3 40. Qxf6 Bxg2 41. Rxg2 Qxd3 42. Ne5 1-0

[Event "Hessen-ch Seniors op 11th"]
[Site "Bad Sooden-Allendorf"]
[Date "2015.05.10"]
[Round "2"]
[White "Causevic, Ismet"]
[Black "Kramell, Ralph Friedrich Kur"]
[Result "1-0"]
[WhiteElo "1946"]
[BlackElo "1767"]
[PlyCount "75"]
[EventDate "2015.05.09"]
[EventType "swiss"]
[EventRounds "9"]
[EventCountry "GER"]
[SourceTitle "EXT 2018"]
[Source "ChessBase"]
[SourceDate "2017.10.13"]
[SourceVersion "1"]
[SourceVersionDate "2017.10.13"]
[SourceQuality "1"]

1. d4 d5 2. c4 e6 3. e3 Nf6 4. Nf3 c6 5. b3 Bb4+ 6. Bd2 Be7 7. Bd3 Nbd7 8. 0-0 0-0 9. Nc3 a6 10. Re1 c5 11. cxd5 cxd4 12. Nxd4 Ne5 13. Be2 Nxd5 14. Rc1 Ba3 15. Rb1 Nf6 16. Nf3 Bd6 17. Qc2 Qc7 18. Rec1 Bd7 19. Qd1 Bc6 20. Nd4 Qd7 21. f4 Ng6 22. Nxc6 bxc6 23. Bf3 Rac8 24. Na4 Nd5 25. Rc2 Qa7 26. Kh1 Nxe3 27. Bxe3 Qxe3 28. Qxd6 Rfd8 29. Qb4 Nxf4 30. Re1 Qa7 31. Qxf4 Rd4 32. Qc1 Rcd8 33. Rxc6 g6 34. Rc8 Rxc8 35. Qxc8+ Kg7 36. Qc3 f6 37. Rxe6 Qd7 38. Qe1 1-0

[Event "Hessen-ch Seniors op 11th"]
[Site "Bad Sooden-Allendorf"]
[Date "2015.05.09"]
[Round "1"]
[White "Kramell, Ralph Friedrich Kur"]
[Black "Kotlar, Alfred"]
[Result "0-1"]
[WhiteElo "1767"]
[BlackElo "2073"]
[PlyCount "54"]
[EventDate "2015.05.09"]
[EventType "swiss"]
[EventRounds "9"]
[EventCountry "GER"]
[SourceTitle "EXT 2018"]
[Source "ChessBase"]
[SourceDate "2017.10.13"]
[SourceVersion "1"]
[SourceVersionDate "2017.10.13"]
[SourceQuality "1"]

1. d4 d5 2. Nf3 Bf5 3. e3 Nf6 4. c4 c6 5. Nc3 e6 6. Bd3 Bg4 7. 0-0 Nbd7 8. cxd5 exd5 9. Re1 Be7 10. e4 dxe4 11. Nxe4 0-0 12. Ng3 Bb4 13. Bd2 Bxd2 14. Qxd2 Bxf3 15. gxf3 Nd5 16. f4 Qh4 17. f5 N7f6 18. Bf1 Rad8 19. a4 h6 20. f3 Rfe8 21. Rad1 a6 22. a5 Rxe1 23. Rxe1 Nf4 24. Rd1 c5 25. Qc3 cxd4 26. Rxd4 Rxd4 27. Qxd4 Nh3+ 0-1

[Event "MVP-ch Seniors op 14th"]
[Site "Binz"]
[Date "2014.11.30"]
[Round "6"]
[White "Schuetze, Manfred"]
[Black "Kramell, Ralph Friedrich Kur"]
[Result "1/2-1/2"]
[WhiteElo "1631"]
[BlackElo "1486"]
[PlyCount "49"]
[EventDate "2014.11.25"]
[EventType "swiss"]
[EventRounds "9"]
[EventCountry "GER"]
[SourceTitle "EXT 2016"]
[Source "ChessBase"]
[SourceDate "2015.10.08"]
[SourceVersion "1"]
[SourceVersionDate "2015.10.08"]
[SourceQuality "1"]

1. e4 c5 2. Nf3 d6 3. d4 cxd4 4. Nxd4 Nf6 5. Nc3 e5 6. Nb3 a6 7. Be2 Be7 8. Be3 Be6 9. 0-0 Nbd7 10. f3 0-0 11. Qe1 d5 12. exd5 Bxd5 13. Qf2 Rc8 14. Rfd1 Bc6 15. a3 Qc7 16. a4 a5 17. Rac1 b6 18. Bd3 Rfe8 19. Bb5 Bb7 20. Bd3 e4 21. Be2 exf3 22. Bxf3 Nc5 23. Nxc5 Bxc5 24. Bxc5 bxc5 25. Re1 1/2-1/2

[Event "MVP-ch Seniors op 14th"]
[Site "Binz"]
[Date "2014.11.28"]
[Round "4"]
[White "Nauschuetz, Ernst"]
[Black "Kramell, Ralph Friedrich Kur"]
[Result "1-0"]
[WhiteElo "1856"]
[BlackElo "1486"]
[PlyCount "127"]
[EventDate "2014.11.25"]
[EventType "swiss"]
[EventRounds "9"]
[EventCountry "GER"]
[SourceTitle "EXT 2016"]
[Source "ChessBase"]
[SourceDate "2015.10.08"]
[SourceVersion "1"]
[SourceVersionDate "2015.10.08"]
[SourceQuality "1"]

1. c4 e5 2. g3 d6 3. Bg2 c6 4. d4 Be7 5. Nc3 Nf6 6. e4 exd4 7. Qxd4 Nbd7 8. Nf3 0-0 9. 0-0 Re8 10. b3 Nf8 11. Bb2 Ne6 12. Qd2 Qa5 13. a3 Rb8 14. b4 Qd8 15. Rfe1 Nc7 16. Rad1 Be6 17. Qd3 h6 18. Nd4 Bf8 19. Nxe6 Nxe6 20. h3 Nh7 21. f4 Qb6+ 22. Kh2 Rbd8 23. h4 Nc7 24. Bc1 a5 25. Be3 Qa6 26. b5 cxb5 27. cxb5 Qa8 28. Bb6 Ne6 29. Bxd8 Qxd8 30. Na4 Nxf4 31. gxf4 Qxh4+ 32. Kg1 Qxf4 33. Rf1 Qg4 34. Qf3 Qe6 35. Qd3 Ng5 36. Rf4 Qg6 37. Kf1 Ne6 38. Rf2 Ng5 39. Re1 Re5 40. Nb6 Qe6 41. Nd5 Be7 42. a4 Bd8 43. Rf5 Qc8 44. Rxe5 dxe5 45. Qc3 Qxc3 46. Nxc3 Bb6 47. Nd5 Bd4 48. Rc1 Ne6 49. Rc8+ Kh7 50. Rb8 Nc5 51. Ra8 Nxa4 52. Rxa5 Nc5 53. Ra8 Nd7 54. Ke2 g5 55. Bh3 Nc5 56. Bf5+ Kg7 57. Rb8 h5 58. Kf3 g4+ 59. Kg3 Nb3 60. Kh4 Bf2+ 61. Kxh5 g3 62. Bh3 Nd2 63. Bg2 Nc4 64. Rxb7 1-0

[Event "Hessen-ch Seniors op 10th"]
[Site "Bad Sooden-Allendorf"]
[Date "2014.05.04"]
[Round "9"]
[White "Knab, Horst"]
[Black "Kramell, Ralph Friedrich Kur"]
[Result "1/2-1/2"]
[WhiteElo "1430"]
[BlackElo "1769"]
[PlyCount "57"]
[EventDate "2014.04.26"]
[EventType "swiss"]
[EventRounds "9"]
[EventCountry "GER"]
[SourceTitle "EXT 2018"]
[Source "ChessBase"]
[SourceDate "2017.10.13"]
[SourceVersion "1"]
[SourceVersionDate "2017.10.13"]
[SourceQuality "1"]

1. c4 Nf6 2. d4 e6 3. Nc3 d5 4. c5 c6 5. Nf3 a5 6. e3 b6 7. cxb6 Qxb6 8. Na4 Qa7 9. Bd3 Bb4+ 10. Bd2 0-0 11. 0-0 Ba6 12. Bxa6 Nxa6 13. a3 Bd6 14. Bxa5 Nc7 15. b4 Nb5 16. Qb3 Ne4 17. Rac1 Rfc8 18. Rc2 Bc7 19. Rxc6 Bxa5 20. Rxc8+ Rxc8 21. bxa5 Qxa5 22. Nc5 Nxc5 23. dxc5 Rxc5 24. a4 Na7 25. Qb8+ Rc8 26. Qb3 f6 27. h3 Rc3 28. Qb8+ Rc8 29. Qb3 1/2-1/2

[Event "Hessen-ch Seniors op 10th"]
[Site "Bad Sooden-Allendorf"]
[Date "2014.05.02"]
[Round "7"]
[White "Hartlaub, Marianne"]
[Black "Kramell, Ralph Friedrich Kur"]
[Result "0-1"]
[WhiteElo "1596"]
[BlackElo "1769"]
[PlyCount "45"]
[EventDate "2014.04.26"]
[EventType "swiss"]
[EventRounds "9"]
[EventCountry "GER"]
[SourceTitle "EXT 2018"]
[Source "ChessBase"]
[SourceDate "2017.10.13"]
[SourceVersion "1"]
[SourceVersionDate "2017.10.13"]
[SourceQuality "1"]

1. Nf3 Nf6 2. c4 b6 3. g3 Bb7 4. Bg2 e6 5. 0-0 d6 6. Nc3 Be7 7. d4 Nbd7 8. Re1 0-0 9. e4 c6 10. b3 Qc7 11. Bb2 e5 12. d5 a6 13. Bc1 b5 14. Nh4 bxc4 15. bxc4 cxd5 16. Nf5 Rfe8 17. Nxd5 Bxd5 18. cxd5 Bf8 19. Ba3 g6 20. Rc1 Qa5 21. Bxd6 gxf5 22. Bxf8 Kxf8 23. Re2 0-1

[Event "Hessen-ch Seniors op 10th"]
[Site "Bad Sooden-Allendorf"]
[Date "2014.04.28"]
[Round "3"]
[White "Kramell, Ralph Friedrich Kur"]
[Black "Mentink, Toon"]
[Result "0-1"]
[WhiteElo "1769"]
[BlackElo "1826"]
[PlyCount "118"]
[EventDate "2014.04.26"]
[EventType "swiss"]
[EventRounds "9"]
[EventCountry "GER"]
[SourceTitle "EXT 2018"]
[Source "ChessBase"]
[SourceDate "2017.10.13"]
[SourceVersion "1"]
[SourceVersionDate "2017.10.13"]
[SourceQuality "1"]

1. d4 d5 2. Nf3 c5 3. dxc5 Nf6 4. c4 Nc6 5. e3 e5 6. Nc3 d4 7. exd4 exd4 8. Na4 Bxc5 9. Nxc5 Qa5+ 10. Bd2 Qxc5 11. a3 0-0 12. Qb3 Re8+ 13. Be2 Bf5 14. Kf1 Rad8 15. Bd3 Ne4 16. h3 Nxd2+ 17. Nxd2 Bxd3+ 18. Qxd3 Ne5 19. Qb3 d3 20. Re1 Qa5 21. Qb4 Qxb4 22. axb4 Nc6 23. b5 Nd4 24. g4 Re2 25. Rd1 Rde8 26. Kg2 Nc2 27. Kg3 g6 28. Nf3 Nb4 29. Nd2 Kg7 30. b3 h6 31. h4 R8e6 32. Nf3 Rb2 33. Nd4 Rd6 34. Nf3 Rxb3 35. Rhe1 Rc3 36. Re7 Rf6 37. Rxb7 d2 38. Rxd2 Rfxf3+ 39. Kg2 Rf4 40. g5 hxg5 41. hxg5 Rf5 42. Rxa7 Rxg5+ 43. Kf1 Rxc4 44. Rdd7 Rc1+ 45. Ke2 Rf5 46. b6 Rc2+ 47. Ke3 Nd5+ 48. Kd3 Nxb6 49. Kxc2 Nxd7 50. Rxd7 Rxf2+ 51. Kd3 Rf6 52. Ke3 g5 53. Rd4 Kg6 54. Rc4 Kh5 55. Rc1 g4 56. Rh1+ Kg5 57. Rg1 Rf3+ 58. Ke2 f5 59. Rg2 Ra3 0-1

[Event "Hessen-ch Seniors op 10th"]
[Site "Bad Sooden-Allendorf"]
[Date "2014.04.27"]
[Round "2"]
[White "Freerksen, Uwe"]
[Black "Kramell, Ralph Friedrich Kur"]
[Result "0-1"]
[WhiteElo "1561"]
[BlackElo "1769"]
[PlyCount "56"]
[EventDate "2014.04.26"]
[EventType "swiss"]
[EventRounds "9"]
[EventCountry "GER"]
[SourceTitle "EXT 2018"]
[Source "ChessBase"]
[SourceDate "2017.10.13"]
[SourceVersion "1"]
[SourceVersionDate "2017.10.13"]
[SourceQuality "1"]

1. e4 c5 2. c4 Nc6 3. Nc3 Nf6 4. Nf3 d6 5. h3 e6 6. d3 Be7 7. Qc2 0-0 8. Be2 Ne8 9. 0-0 f5 10. exf5 exf5 11. Nd5 Nf6 12. Nxe7+ Qxe7 13. Bg5 h6 14. Bxf6 Rxf6 15. Rfe1 Qf7 16. Bf1 Be6 17. a3 f4 18. Kh2 Rd8 19. Rad1 g5 20. Rd2 g4 21. Ng1 f3 22. gxf3 gxf3 23. Qc3 Nd4 24. Qa5 b6 25. Qc3 Rg6 26. Re3 Qf4+ 27. Kh1 Qg5 28. Nxf3 Nxf3 0-1